| 000 | 00573nam a2200229Ia 4500 | ||
|---|---|---|---|
| 999 |
_c2697 _d2697 |
||
| 007 | ta | ||
| 008 | 230330r2018||||ii a ||gd|||||||1 ||eng|| | ||
| 020 |
_a9780070445338 _cRs. 850.00 |
||
| 040 |
_aKO _beng |
||
| 041 | 0 | _aeng | |
| 044 | _aii | ||
| 082 | 0 | 4 |
_223 _a621.3848 _bSk53 |
| 100 | 1 | _aSkolnik, Merrill I. | |
| 245 | 1 | 0 |
_aIntroduction to radar systems/ _cMerrill I. Skolnik |
| 250 | _a3rd ed. | ||
| 260 |
_aChennai: _bMcGraw Hill Education , _c2018 |
||
| 300 |
_axii, 772 p. : _bill. ; _c23 cm. |
||
| 650 | 0 | _aRadar | |
| 904 | _aA_BOSE | ||
| 942 | _cBK | ||